000 00844nam a22002537a 4500
005 20170123162341.0
010 _a776653
020 _c6.00
035 _a776653
037 _bCen Lib/Ret
040 _aDPL
_bUR
082 _a841
_bا ح م
245 _aکللیت شاد عارفی /
_cمرتب مزففر حنفی
246 _aKulliyat-e- Shaad Arfi /
_bedited by Muzaffar Hanfi
260 _aدہلی
_bنیشنل اکاڈمی
_c1975
270 _a٩، انصاری روڈ مارکیٹ دریاگنج
_bدہلی
_e110006
300 _a464p.
_c21cm(Hb)
650 _aادب -- اردو
_9127581
650 _aاردو سوانے عمری
_9127582
650 _aUrdu literature
_9127583
650 _aUrdu -- biography
_9511
700 _a مزففر حنفی
_9127584
942 _2ddc
_cUR
_h841
_mا ح م
999 _c108556
_d108556